Systémy malých počítačů Rešerše č. P-9/1982

Uložené v:
Podrobná bibliografia
Ďalší autori: Veltruský, Svatopluk (Compiler)
Médium: Kniha
Jazyk:Slovak
Vydané: Košice : Inorga, 1982.
Vydanie:1. vyd.
ISBN: (brož.)
Fyzický popis: 19 s.
Tagy: Pridať tag
Žiadne tagy, Buďte prvý kto otaguje tento záznam!

MARC

LEADER 00000nam a2200000 a 4500
001 000162321
005 20100823170910.0
008 040101s1982 xo e slood
020 |a (brož.) 
040 |a SVKKK  |b slo  |c SVKKK  |e AACR2 
041 0 |a slo 
044 |a xo  |c SK 
245 0 0 |a Systémy malých počítačů  |n Rešerše č. P-9/1982  |c vyprac. Svatopluk Veltruský. 
250 |a 1. vyd. 
260 |a Košice :  |b Inorga,  |c 1982. 
300 |a 19 s. 
700 |a Veltruský, Svatopluk  |4 com 
910 |a svkkk 
998 |a BK 
090 |g SCKHL  |k Sklad Pribinova 3. posch.  |a V.150793  |j 687957  |i 2720875192  |s Absenčne 
090 |g SCKHL  |k Sklad Pribinova 3. posch.  |a V.150794  |j 687958  |i 162321-20  |4 Duplikát  |s Vyradená